000 00628nam a2200229Ia 4500
003 OSt
005 20230406110800.0
008 210423s2009 xx 000 0 und d
020 _a9789380156811
040 _cAL
041 _aeng
082 _a339.3 MUKS
_223
100 _aMUKHERJEE (Sampat)
_984187
245 _aAnalytical macroeconomics: from Keynes to Mankiw
260 _aLondon
_bNew Central Book Agency
_c2009
300 _aviii,666
_bPB
365 _b350
_cINR
650 _aEconomics
_984188
650 _aMacroeconomics
_984189
906 _aAnalytical ; Keynes ; macroeconomics: ; Mankiw
942 _2ddc
_cBK
999 _c158832
_d158832